LEADER 00898cam0 22002533 450 001 SOB009183 005 20210503075836.0 100 $a20040211d2001 |||||ita|0103 ba 101 $aita 102 $aIT 200 1 $a<>problema delle abitazioni$eLezioni tenute all'Università Commerciale Luigi Bocconi dal 26 aprile al 2 maggio 1920$fLuigi Einaudi 210 $aMilano$cTreves$d2001 215 $a302 p.$d19 cm 300 $aRist. anast. dell'ed.: Milano, Fratelli Treves, 1920 700 1$aEinaudi$b, Luigi$3AF00007969$4070$0319569 801 0$aIT$bUNISOB$c20210503$gRICA 850 $aUNISOB 852 $aUNISOB$j330$m109345 912 $aSOB009183 940 $aM 102 Monografia moderna SBN 941 $aM 957 $a330$b001223$gSI$d109345$rACQUISTO$1Alfano$2UNISOB$3UNISOB$420210503075801.0$520210503075816.0$6Alfano 996 $aProblema delle abitazioni$9286347 997 $aUNISOB